| 000 | 00658nam a22001817a 4500 | ||
|---|---|---|---|
| 999 |
_c60961 _d60961 |
||
| 005 | 20231130102819.0 | ||
| 008 | 231130s1970 ru ||||| |||| 00| 0 rus d | ||
| 041 | _arus | ||
| 080 | _a7(38) П-49 | ||
| 100 |
_aПолевой, В. М. _920513 |
||
| 245 |
_aИскусство Греции : _bДревний мир / _cВ.М. Полевой. |
||
| 264 |
_aМосква : _bИскусство, _c1970. |
||
| 300 |
_a328 с. _bил. _c22 см. |
||
| 653 | _aბერძნული ხელოვნება | ||
| 653 | _aᲨუა საუკუნეები | ||
| 653 | _aანტიკური კლასიკა | ||
| 942 |
_2udc _cᲬᲘᲒᲜᲘ |
||